නව උසස් ආර්ථික විද්යාව අංක - 1 . : මුලික ආර්ථික විද්යාව නව අ පො ස උසස් පෙළ ( ආර්ථික විද්යාව පළමුවන ප්රශ්න පත්රය සදහා).
nawa usas arthika vidyawa.
Saved in:
| Other Authors: | , |
|---|---|
| Format: | Book |
| Language: | Sinhalese |
| Published: |
පන්නිපිටිය :
ශ්රී ලේඛා මුද්රණාලය
1995.
|
| Tags: |
Add Tag
No Tags, Be the first to tag this record!
|
MARC
| LEADER | 00000nam a2200000 4500 | ||
|---|---|---|---|
| 003 | LK-CoNLD | ||
| 005 | 20220913142916.0 | ||
| 008 | 220913b |||||||| |||| 00| 0 sin d | ||
| 015 | |2 slnb |a slnb200003 | ||
| 017 | |a 287903 |b LK-CoDNA | ||
| 040 | |a LK-CoNLD |b SIN |c LK-CoNLD |d LK-CoNLD | ||
| 082 | |2 23 |q LK-CoNLD | ||
| 245 | |6 880-1 |a නව උසස් ආර්ථික විද්යාව අංක - 1 . |b : මුලික ආර්ථික විද්යාව නව අ පො ස උසස් පෙළ ( ආර්ථික විද්යාව පළමුවන ප්රශ්න පත්රය සදහා). |c / සංස්කරනය කිත්සිරි සමරසිංහ සහ නිමල් ආනන්ද විසිනි. | ||
| 260 | |9 72268 |a පන්නිපිටිය : |b ශ්රී ලේඛා මුද්රණාලය |c 1995. | ||
| 300 | |a පි .196 |c සෙමි .20 |b කා .බෝ .ක රු 150.00 | ||
| 700 | |9 68784 |a සමරසිංහ, කිත්සිරි |e සංස් : | ||
| 700 | |9 72267 |a ආනන්ද , නිමල් |e සංස් : | ||
| 880 | |6 245-1 |a nawa usas arthika vidyawa. | ||
| 942 | |c BOOK | ||
| 999 | |c 258844 |d 258844 | ||